[Event "XXIII Miedzynarodowy Festiwal Szachowy "]
[Site "Krakow, Hotel Galaxy  ul. Ges"]
[Date "2012.12.28"]
[Round "2.21"]
[White "Gumularz, Szymon"]
[Black "Puuska, Heini"]
[Result "1-0"]
[WhiteElo "1762"]
[BlackElo "1984"]
[PlyCount "73"]
[EventDate "2012.??.??"]

1. e4 g6 2. d4 Bg7 3. Nc3 d6 4. f4 a6 5. Nf3 b5 6. a3 Nd7 7. e5 c5 8. dxc5 Nxc5
9. Be3 Bb7 10. Be2 Rc8 11. O-O Nh6 12. exd6 exd6 13. Bd4 O-O 14. Bxg7 Kxg7 15.
Nd4 Ne6 16. Bf3 Bxf3 17. Nxe6+ fxe6 18. Qxf3 Nf5 19. Rfe1 Qb6+ 20. Kh1 Nd4 21.
Qe3 Rce8 22. Ne2 e5 23. c3 Qc7 24. cxd4 exf4 25. Qc3 Qd7 26. d5+ Kg8 27. Nd4
Rc8 28. Qf3 Rc4 29. Nc6 Re8 30. Re2 g5 31. Rae1 Rxe2 32. Qxe2 g4 33. Qe6+ Qxe6
34. dxe6 Kf8 35. e7+ Ke8 36. Nb4 a5 37. Nd5 1-0

[Event "XXIII Miedzynarodowy Festiwal Szachowy "]
[Site "Krakow, Hotel Galaxy  ul. Ges"]
[Date "2012.12.28"]
[Round "2.22"]
[White "Suliborski, Jakub"]
[Black "Cebula, Alicja"]
[Result "1-0"]
[WhiteElo "1979"]
[BlackElo "1590"]
[PlyCount "103"]
[EventDate "2012.??.??"]

1. e4 c5 2. Nf3 e6 3. d4 cxd4 4. Nxd4 a6 5. Bd3 Nf6 6. O-O Qc7 7. Nc3 b5 8. a3
Bb7 9. Kh1 Bc5 10. Nb3 Be7 11. f4 O-O 12. e5 Nd5 13. Ne4 f5 14. exf6 Nxf6 15.
Nxf6+ Bxf6 16. Qh5 h6 17. Nc5 Bd5 18. Ne4 Nc6 19. Nxf6+ Rxf6 20. Bd2 Ne7 21.
Bc3 Rff8 22. Qg4 Rf7 23. Rae1 Bc4 24. Be5 Qc6 25. Be4 d5 26. Bd3 Bxd3 27. cxd3
Rc8 28. h3 Nf5 29. Rf2 Qb6 30. Qf3 d4 31. g4 Nh4 32. Qe4 Rd7 33. Kh2 Qc6 34.
Kg3 Qxe4 35. Rxe4 Ng6 36. h4 Nxe5 37. Rxe5 Rc6 38. Rfe2 Kf7 39. h5 Rd8 40. g5
Rd7 41. Kg4 Rdd6 42. g6+ Kf6 43. f5 Ke7 44. Rxe6+ Rxe6 45. Rxe6+ Rxe6 46. fxe6
Kxe6 47. Kf4 Kd5 48. b4 Ke6 49. Ke4 Kf6 50. Kxd4 Kg5 51. Ke5 Kxh5 52. Kf5 1-0

[Event "XXIII Miedzynarodowy Festiwal Szachowy "]
[Site "Krakow, Hotel Galaxy  ul. Ges"]
[Date "2012.12.28"]
[Round "2.24"]
[White "Mielczarek, Daniel"]
[Black "Domanski, Lukasz"]
[Result "1-0"]
[WhiteElo "1975"]
[BlackElo "1562"]
[PlyCount "83"]
[EventDate "2012.??.??"]

1. d4 d5 2. Nf3 Nf6 3. Bg5 Nbd7 4. e3 g6 5. Bd3 Bg7 6. Nbd2 O-O 7. c3 c5 8. O-O
b6 9. h3 Bb7 10. Nh2 e5 11. f4 e4 12. Bb5 Qc7 13. f5 Rac8 14. Bf4 Qd8 15. Bd6
Re8 16. Ng4 Nxg4 17. Qxg4 Nf6 18. fxg6 fxg6 19. Qf4 Re6 20. Be5 Qe7 21. g4 Rf8
22. Qg3 Bc6 23. Be2 Bd7 24. Rf2 Rc6 25. Bb5 Re6 26. Be2 Rc6 27. Raf1 c4 28. Nb1
a6 29. Na3 b5 30. Nc2 a5 31. Bb8 Bc8 32. Qh2 Re6 33. Bc7 Ra6 34. a3 Be6 35. Be5
Rc6 36. Qg3 Ra6 37. Qh4 Bc8 38. Qg5 Re6 39. Bxf6 Bxf6 40. Qxd5 Bd7 41. g5 Bg7
42. Bg4 1-0

[Event "XXIII Miedzynarodowy Festiwal Szachowy "]
[Site "Krakow, Hotel Galaxy  ul. Ges"]
[Date "2012.12.28"]
[Round "2.25"]
[White "Dobrzanska, Joanna"]
[Black "Pastuszko, Kinga"]
[Result "1/2-1/2"]
[WhiteElo "1552"]
[BlackElo "1916"]
[PlyCount "68"]
[EventDate "2012.??.??"]

1. e4 c5 2. c3 d5 3. e5 Nc6 4. Bb5 g6 5. d4 Bg7 6. Nf3 Bg4 7. h3 Bxf3 8. Qxf3
Qb6 9. Bxc6+ bxc6 10. Qd3 Nh6 11. Na3 cxd4 12. cxd4 Nf5 13. Nc2 c5 14. dxc5
Qxc5 15. Bf4 Rc8 16. Rc1 Qc4 17. Qxc4 Rxc4 18. g3 Re4+ 19. Kf1 Bxe5 20. Bxe5
Rxe5 21. Nb4 Kd7 22. a3 Rc8 23. Rxc8 Kxc8 24. Nc6 Re6 25. Nxa7+ Kb7 26. Nb5 Rb6
27. Nc3 Rxb2 28. Nxd5 Ra2 29. Kg2 Rxa3 30. Re1 e6 31. Nf6 h5 32. Nd7 h4 33. g4
Nd6 34. Nc5+ Kc7 1/2-1/2

[Event "XXIII Miedzynarodowy Festiwal Szachowy "]
[Site "Krakow, Hotel Galaxy  ul. Ges"]
[Date "2012.12.28"]
[Round "2.28"]
[White "Valkovoj, Alexandr"]
[Black "Carbonaro, Davidei"]
[Result "1/2-1/2"]
[WhiteElo "1855"]
[BlackElo "1608"]
[PlyCount "48"]
[EventDate "2012.??.??"]

1. d4 Nf6 2. Nf3 g6 3. Bf4 d6 4. Nbd2 Bg7 5. e4 Nbd7 6. Bc4 O-O 7. Qe2 a5 8. a4
c5 9. e5 Nh5 10. Bg5 Nb6 11. exd6 Qxd6 12. Bxe7 Qc7 13. Bxf8 Bxf8 14. Ne5 Nxc4
15. Qxc4 Be6 16. Qc3 Nf4 17. Qg3 Bh6 18. Ng4 Bxg4 19. Qxg4 Re8+ 20. Kf1 cxd4
21. Qd1 Qc6 22. Nf3 Qc4+ 23. Kg1 Ne2+ 24. Kf1 Nf4+ 1/2-1/2

[Event "XXIII Miedzynarodowy Festiwal Szachowy "]
[Site "Krakow, Hotel Galaxy  ul. Ges"]
[Date "2012.12.28"]
[Round "2.29"]
[White "Parol, Pola"]
[Black "Wasik, Jozef"]
[Result "1-0"]
[WhiteElo "1549"]
[BlackElo "1844"]
[PlyCount "55"]
[EventDate "2012.??.??"]

1. e4 c6 2. d4 d5 3. Nc3 dxe4 4. Nxe4 Nf6 5. Ng3 h5 6. h4 Bg4 7. Be2 Bxe2 8.
N1xe2 e6 9. Bg5 Be7 10. Nf4 g6 11. Qd3 Nd5 12. Nxd5 Bxg5 13. hxg5 cxd5 14. f4
Qb6 15. Qb3 Qc7 16. Ne2 Nc6 17. g4 O-O-O 18. gxh5 Rxh5 19. Rxh5 gxh5 20. O-O-O
Kb8 21. Kb1 Ne7 22. Rh1 Rh8 23. Qf3 h4 24. Ng3 Ng6 25. Ne2 Qd7 26. Nc3 Ne7 27.
Qe3 a6 28. Qe5+ 1-0

[Event "XXIII Miedzynarodowy Festiwal Szachowy "]
[Site "Krakow, Hotel Galaxy  ul. Ges"]
[Date "2012.12.28"]
[Round "2.30"]
[White "Hodorowicz, Kamil"]
[Black "Debowska, Michalina"]
[Result "1-0"]
[WhiteElo "1841"]
[BlackElo "1435"]
[PlyCount "69"]
[EventDate "2012.??.??"]

1. d4 d5 2. c4 c6 3. Nc3 Nf6 4. Nf3 e6 5. e3 Be7 6. Bd3 dxc4 7. Bxc4 O-O 8. O-O
Nbd7 9. e4 b5 10. Bd3 a6 11. e5 Nd5 12. Ne4 f6 13. h4 h6 14. Ng3 fxe5 15. dxe5
Qe8 16. h5 Bb7 17. Bg6 Qb8 18. Bb1 Nxe5 19. Nxe5 Qxe5 20. Qc2 Nf6 21. Bd2 Qc5
22. Qg6 b4 23. Bxh6 Rf7 24. Ne4 Nxe4 25. Bxe4 Kf8 26. Be3 Qe5 27. Qh7 Bd6 28.
f4 Qf6 29. Rad1 Ke7 30. Bg6 Rff8 31. Bd4 e5 32. fxe5 Qxf1+ 33. Rxf1 Rxf1+ 34.
Kxf1 Rf8+ 35. Kg1 1-0

[Event "XXIII Miedzynarodowy Festiwal Szachowy "]
[Site "Krakow, Hotel Galaxy  ul. Ges"]
[Date "2012.12.28"]
[Round "2.32"]
[White "Markiewicz, Mateusz"]
[Black "Kosztyla, Andrzej"]
[Result "1-0"]
[WhiteElo "2069"]
[BlackElo "1647"]
[PlyCount "43"]
[EventDate "2012.??.??"]

1. e4 e5 2. Nc3 Nf6 3. f4 d6 4. Nf3 exf4 5. d4 Bg4 6. Bb5+ c6 7. Bd3 Nbd7 8.
O-O Be7 9. h3 Bh5 10. Bxf4 O-O 11. Qe1 Re8 12. Qg3 Nb6 13. Rae1 Bg6 14. Qf2 Qd7
15. Nh4 Rad8 16. Nxg6 hxg6 17. Kh1 Nh5 18. Bh2 Nf6 19. e5 dxe5 20. dxe5 Nfd5
21. Qxf7+ Kh8 22. Qxg6 1-0

[Event "XXIII Miedzynarodowy Festiwal Szachowy "]
[Site "Krakow, Hotel Galaxy  ul. Ges"]
[Date "2012.12.28"]
[Round "2.33"]
[White "Grochulski, Grzegorz"]
[Black "Wilk, Maciej"]
[Result "1-0"]
[WhiteElo "2067"]
[BlackElo "1646"]
[PlyCount "59"]
[EventDate "2012.??.??"]

1. e4 g6 2. d4 Bg7 3. Nc3 d6 4. Bc4 e6 5. f4 Ne7 6. Nf3 Nd7 7. O-O O-O 8. Be3
Nf6 9. Bd3 b6 10. a4 a5 11. Qe1 Bb7 12. Qh4 d5 13. e5 Nd7 14. g4 c5 15. Nb5
cxd4 16. Bxd4 Nc5 17. Qf2 Rc8 18. Nd6 Rc7 19. f5 exf5 20. gxf5 Nxf5 21. Bxf5
gxf5 22. Nxf5 Rc6 23. Nxg7 Ne4 24. Qe3 Kxg7 25. Kh1 Re8 26. e6+ f6 27. Rg1+ Kh8
28. Ng5 Re7 29. Nf7+ Rxf7 30. exf7 1-0

[Event "XXIII Miedzynarodowy Festiwal Szachowy "]
[Site "Krakow, Hotel Galaxy  ul. Ges"]
[Date "2012.12.28"]
[Round "2.37"]
[White "Kudryavtsev, Mikhail"]
[Black "Madej, Roman"]
[Result "0-1"]
[WhiteElo "1834"]
[BlackElo "1609"]
[PlyCount "62"]
[EventDate "2012.??.??"]

1. d4 d5 2. Bf4 Nf6 3. Nf3 e6 4. e3 Nbd7 5. Bd3 c5 6. O-O Be7 7. c3 O-O 8. Nbd2
c4 9. Bc2 a5 10. Qb1 b5 11. e4 dxe4 12. Nxe4 Bb7 13. Re1 Nxe4 14. Bxe4 Bxe4 15.
Qxe4 Nf6 16. Qe5 Nd5 17. Bg5 Bxg5 18. Nxg5 h6 19. Ne4 Qb8 20. Nd2 Qxe5 21. Rxe5
Rfc8 22. Nf1 b4 23. Rc1 Rab8 24. g3 bxc3 25. bxc3 Rb2 26. Ra1 Nxc3 27. Rxa5
Ne2+ 28. Kg2 c3 29. Re5 Nxd4 30. Ne3 c2 31. Nxc2 Rcxc2 0-1

[Event "XXIII Miedzynarodowy Festiwal Szachowy "]
[Site "Krakow, Hotel Galaxy  ul. Ges"]
[Date "2012.12.28"]
[Round "2.38"]
[White "Lewczuk, Antoni"]
[Black "Rychlik, Bogdan"]
[Result "0-1"]
[WhiteElo "1604"]
[BlackElo "1829"]
[PlyCount "74"]
[EventDate "2012.??.??"]

1. c4 Nf6 2. b3 e6 3. Bb2 d5 4. g3 d4 5. Na3 Nc6 6. Nc2 e5 7. Bg2 Nb4 8. Nxb4
Bxb4 9. a3 Bd6 10. Qc2 c6 11. c5 Bc7 12. Nf3 O-O 13. O-O Re8 14. Ng5 h6 15. Ne4
Nd5 16. d3 Be6 17. Nd2 Qd7 18. Rae1 Bh3 19. e3 dxe3 20. fxe3 Rad8 21. d4 exd4
22. Bxd4 Bxg2 23. Kxg2 Be5 24. Ne4 Bxd4 25. exd4 Qg4 26. Qf2 Nf6 27. Nd6 Rxe1
28. Rxe1 Rd7 29. h3 Qg5 30. b4 h5 31. Re5 Qc1 32. Re3 Qb1 33. Qd2 Nd5 34. Re8+
Kh7 35. Qe2 Qg6 36. Re5 Nf4+ 37. Kf3 Nxe2 0-1

[Event "XXIII Miedzynarodowy Festiwal Szachowy "]
[Site "Krakow, Hotel Galaxy  ul. Ges"]
[Date "2012.12.28"]
[Round "2.39"]
[White "Matysiak, Samuel"]
[Black "Miszkielo, Bartosz"]
[Result "1-0"]
[WhiteElo "1811"]
[BlackElo "1600"]
[PlyCount "91"]
[EventDate "2012.??.??"]

1. e4 c5 2. Nf3 Nc6 3. d4 cxd4 4. Nxd4 Nf6 5. Nc3 e5 6. Ndb5 d6 7. a4 a6 8. Na3
Be7 9. Bg5 Be6 10. Bxf6 Bxf6 11. Bc4 O-O 12. O-O Rc8 13. Nd5 Bxd5 14. Bxd5 Qc7
15. c3 Kh8 16. Qe2 Ne7 17. Rfd1 Ng6 18. g3 Be7 19. Qh5 Qd7 20. Nc4 Qc7 21. Ne3
Bf6 22. Ng4 Be7 23. h4 Qd7 24. Qf5 Rfd8 25. Qxd7 Rxd7 26. Bxf7 Nf8 27. Ba2 g6
28. Ne3 Kg7 29. Rd2 Rc6 30. Rad1 Rd8 31. Nc4 Kf6 32. Kg2 Ne6 33. Ne3 Nc7 34.
Ng4+ Kg7 35. Nxe5 dxe5 36. Rxd8 Bxd8 37. Rxd8 Kh6 38. Bd5 Rb6 39. b4 Nxd5 40.
exd5 Rf6 41. c4 Rf7 42. c5 Kg7 43. b5 axb5 44. axb5 Rc7 45. c6 bxc6 46. dxc6
1-0

[Event "XXIII Miedzynarodowy Festiwal Szachowy "]
[Site "Krakow, Hotel Galaxy  ul. Ges"]
[Date "2012.12.28"]
[Round "2.42"]
[White "Klementys, Jerzy"]
[Black "Latka, Tadeusz"]
[Result "0-1"]
[WhiteElo "1798"]
[BlackElo "1573"]
[PlyCount "70"]
[EventDate "2012.??.??"]

1. d4 d5 2. c4 e6 3. Nc3 c6 4. Nf3 dxc4 5. a4 Bb4 6. e3 b5 7. Bd2 a5 8. axb5
Bxc3 9. Bxc3 cxb5 10. Ne5 Nf6 11. Qf3 Qd5 12. Qg3 O-O 13. Rxa5 Rxa5 14. Bxa5
Nc6 15. Nxc6 Qxc6 16. Bb4 Re8 17. Be2 Bb7 18. O-O Ra8 19. Be7 Ne4 20. Qg4 Qd7
21. Bh4 f5 22. Qf4 Ra2 23. f3 Rxb2 24. fxe4 Rxe2 25. Qb8+ Qc8 26. Qxc8+ Bxc8
27. exf5 exf5 28. Bf2 c3 29. Rc1 b4 30. Kf1 Ba6 31. Kg1 Bc4 32. g4 fxg4 33. Kg2
Bd5+ 34. Kg3 c2 35. Be1 b3 0-1

[Event "XXIII Miedzynarodowy Festiwal Szachowy "]
[Site "Krakow, Hotel Galaxy  ul. Ges"]
[Date "2012.12.28"]
[Round "2.45"]
[White "Tavakalov, Stanislav"]
[Black "Leczek, Weronika"]
[Result "1-0"]
[WhiteElo "1772"]
[BlackElo "1549"]
[PlyCount "45"]
[EventDate "2012.??.??"]

1. e4 c5 2. Nf3 Nc6 3. d4 cxd4 4. Nxd4 Nf6 5. Nc3 d6 6. Bg5 e6 7. Qd2 Be7 8.
O-O-O Nxd4 9. Qxd4 O-O 10. f3 b6 11. h4 Bb7 12. g4 d5 13. e5 Nd7 14. Bxe7 Qxe7
15. Bb5 f6 16. Bxd7 Qxd7 17. f4 fxe5 18. fxe5 Ba6 19. g5 Rf5 20. h5 Qe7 21.
Nxd5 Qxg5+ 22. Kb1 Rf7 23. Nf6+ 1-0

[Event "XXIII Miedzynarodowy Festiwal Szachowy "]
[Site "Krakow, Hotel Galaxy  ul. Ges"]
[Date "2012.12.28"]
[Round "2.48"]
[White "Grabarczyk, Sylwester"]
[Black "Dobrzanska, Magdalena"]
[Result "1-0"]
[WhiteElo "1722"]
[BlackElo "1457"]
[PlyCount "61"]
[EventDate "2012.??.??"]

1. d4 f5 2. h3 Nf6 3. g4 fxg4 4. hxg4 Nxg4 5. Qd3 b6 6. Rxh7 e6 7. Rxh8 Qe7 8.
Qg6+ Qf7 9. Qxf7+ Kxf7 10. Nf3 Nf6 11. Ne5+ Ke8 12. Bg2 d5 13. Ng6 Nbd7 14. c4
Kf7 15. Ne5+ Ke7 16. cxd5 exd5 17. Nc3 Bb7 18. Bg5 c6 19. Bxf6+ Nxf6 20. Ng6+
Kf7 21. Rxf8+ Rxf8 22. Nxf8 Kxf8 23. e4 dxe4 24. Bxe4 Ke7 25. f3 Nh5 26. d5
cxd5 27. Bxd5 Bc8 28. O-O-O g5 29. Ne4 g4 30. fxg4 Bxg4 31. Rf1 1-0

[Event "XXIII Miedzynarodowy Festiwal Szachowy "]
[Site "Krakow, Hotel Galaxy  ul. Ges"]
[Date "2012.12.28"]
[Round "2.49"]
[White "Bandyk, Sebastian"]
[Black "Tracz, Marcelina"]
[Result "1-0"]
[WhiteElo "1454"]
[BlackElo "1705"]
[PlyCount "79"]
[EventDate "2012.??.??"]

1. e4 e5 2. Nf3 Nc6 3. Bc4 Bc5 4. O-O Nf6 5. d4 Bxd4 6. Nxd4 Nxd4 7. f4 Nc6 8.
Bxf7+ Kxf7 9. fxe5 Nxe5 10. Qd5+ Kf8 11. Qxe5 d6 12. Qd4 Qe7 13. Bg5 Kf7 14.
Nc3 Be6 15. Rf3 c5 16. Qf2 Rhf8 17. Rf1 Bc4 18. Bxf6 gxf6 19. Rxf6+ Kg7 20.
Rxf8 Rxf8 21. Qxf8+ Qxf8 22. Rxf8 Kxf8 23. b3 Bf7 24. Kf2 Ke7 25. Ke3 Ke6 26.
Kf4 a6 27. Nd5 Bg6 28. g4 b5 29. h4 h5 30. g5 Kd7 31. c3 a5 32. Ke3 b4 33. cxb4
axb4 34. Kd3 Bf7 35. Nf4 Ke7 36. Ke3 c4 37. Nd5+ Ke6 38. bxc4 Ke5 39. Nxb4 Bxc4
40. a4 1-0

[Event "XXIII Miedzynarodowy Festiwal Szachowy "]
[Site "Krakow, Hotel Galaxy  ul. Ges"]
[Date "2012.12.28"]
[Round "2.51"]
[White "Hosiawa, Klara"]
[Black "Marczuk, Anna"]
[Result "0-1"]
[WhiteElo "1376"]
[BlackElo "1674"]
[PlyCount "78"]
[EventDate "2012.??.??"]

1. e4 c5 2. Nf3 d6 3. d4 cxd4 4. Nxd4 Nf6 5. Nc3 a6 6. Bd3 e5 7. Nf3 Be6 8. Bg5
Nbd7 9. Qd2 Be7 10. O-O h6 11. Be3 Qc7 12. Ne1 d5 13. exd5 Bxd5 14. Nxd5 Nxd5
15. Nf3 Nxe3 16. Qxe3 O-O 17. Rae1 Bd6 18. Bf5 Rfe8 19. Qd3 Nc5 20. Qc3 e4 21.
Nd2 Bxh2+ 22. Kh1 Be5 23. Qh3 Bxb2 24. Nxe4 Nxe4 25. Bxe4 Bc3 26. Re3 Bd4 27.
Re2 Rad8 28. Qf3 b5 29. Bd3 Bf6 30. Ree1 Re5 31. Rxe5 Qxe5 32. Kg1 g6 33. Qh3
Bg7 34. Qf3 Qe6 35. Qg3 Qxa2 36. Qc7 Qd5 37. Qg3 a5 38. Qe3 b4 39. Qc1 a4 0-1

[Event "XXIII Miedzynarodowy Festiwal Szachowy "]
[Site "Krakow, Hotel Galaxy  ul. Ges"]
[Date "2012.12.29"]
[Round "3.1"]
[White "Muhtarov, Leonid"]
[Black "Zajac, Mateusz"]
[Result "0-1"]
[WhiteElo "2097"]
[BlackElo "1997"]
[PlyCount "120"]
[EventDate "2012.??.??"]

1. Nf3 Nf6 2. g3 d5 3. Bg2 Bf5 4. O-O e6 5. d3 Be7 6. Nbd2 O-O 7. b3 c5 8. e3
Nc6 9. Bb2 Qc7 10. Qe2 Rad8 11. h3 h6 12. a3 Bh7 13. Rae1 e5 14. e4 d4 15. Nh4
Rfe8 16. Qf3 b5 17. Nf5 Na5 18. Nxe7+ Qxe7 19. Qd1 c4 20. Bc1 cxd3 21. cxd3 Rc8
22. b4 Nc6 23. Nb3 Nd7 24. f4 Kh8 25. f5 Ra8 26. Re2 a5 27. Rc2 Qd6 28. bxa5
Nxa5 29. Nxa5 Rxa5 30. Qh5 Rf8 31. Bd2 Rxa3 32. Rb1 Qa6 33. f6 Nxf6 34. Qxe5
Rxd3 35. Rbc1 Re8 36. Qf4 Bxe4 37. Rc6 Bxc6 38. Rxc6 Qa1+ 39. Kh2 Qa2 40. Bc1
Re2 41. Rc8+ Kh7 42. Qf1 Rxg2+ 43. Qxg2 Qxg2+ 44. Kxg2 Rc3 45. Rd8 Rxc1 46.
Rxd4 Rc7 47. g4 Rb7 48. Rb4 Kg6 49. h4 Nd5 50. Rd4 Rd7 51. Kf3 f5 52. h5+ Kg5
53. gxf5 Kxf5 54. Rd3 b4 55. Kf2 Ke4 56. Rb3 Kd4 57. Rg3 Re7 58. Rg6 b3 59.
Rg4+ Kc3 60. Rg3+ Kc2 0-1

[Event "XXIII Miedzynarodowy Festiwal Szachowy "]
[Site "Krakow, Hotel Galaxy  ul. Ges"]
[Date "2012.12.29"]
[Round "3.2"]
[White "Kawula, Andrzej"]
[Black "Stankiewicz, Pawel"]
[Result "0-1"]
[WhiteElo "1996"]
[BlackElo "2085"]
[PlyCount "44"]
[EventDate "2012.??.??"]

1. c4 f5 2. d4 Nf6 3. Nc3 g6 4. g3 Bg7 5. Bg2 O-O 6. Nf3 d6 7. O-O Nc6 8. b3 e5
9. dxe5 dxe5 10. Bb2 Qe7 11. Nd5 Nxd5 12. cxd5 Rd8 13. Qc1 Rxd5 14. Ng5 e4 15.
Qc4 Be6 16. Nxe6 Qxe6 17. Rad1 Rad8 18. Ba1 b5 19. Qc2 Rxd1 20. Rxd1 Nd4 21.
Qd2 Nf3+ 22. exf3 Rxd2 0-1

[Event "XXIII Miedzynarodowy Festiwal Szachowy "]
[Site "Krakow, Hotel Galaxy  ul. Ges"]
[Date "2012.12.29"]
[Round "3.3"]
[White "Kardys, Zbigniew"]
[Black "Reza, Wojciech"]
[Result "0-1"]
[WhiteElo "1978"]
[BlackElo "2079"]
[PlyCount "50"]
[EventDate "2012.??.??"]

1. e4 c5 2. Nf3 e6 3. d4 cxd4 4. Nxd4 Nf6 5. Nc3 d6 6. g4 a6 7. g5 Nfd7 8. h4
b5 9. Rg1 Bb7 10. a3 Nc6 11. Be3 Rc8 12. Nxc6 Rxc6 13. Qd4 Qc7 14. O-O-O Ne5
15. Rg3 Nc4 16. Bxc4 Rxc4 17. Qd3 Be7 18. h5 O-O 19. g6 fxg6 20. hxg6 h6 21. e5
d5 22. Bxh6 gxh6 23. g7 Rf5 24. Rh1 Bg5+ 25. Kb1 Qxg7 0-1

[Event "XXIII Miedzynarodowy Festiwal Szachowy "]
[Site "Krakow, Hotel Galaxy  ul. Ges"]
[Date "2012.12.29"]
[Round "3.4"]
[White "Gawronski, Lukasz"]
[Black "Puczylowski, Marcin"]
[Result "1-0"]
[WhiteElo "2069"]
[BlackElo "1991"]
[PlyCount "62"]
[EventDate "2012.??.??"]

1. d4 b6 2. e4 Bb7 3. Bd3 e6 4. Nf3 g6 5. O-O Bg7 6. c4 d6 7. Nc3 Ne7 8. Be3
Nd7 9. Qd2 h6 10. b4 Nf6 11. c5 dxc5 12. dxc5 g5 13. Rac1 Ng4 14. Rfd1 O-O 15.
Bxg5 hxg5 16. Qxg5 Nf6 17. e5 Nfd5 18. Qh5 f5 19. Ng5 Nf6 20. exf6 Rxf6 21.
Bxf5 Nxf5 22. Rxd8+ Rxd8 23. Nce4 Bxe4 24. Nxe4 Rf7 25. Ng5 Re7 26. Qh7+ Kf8
27. Nxe6+ Rxe6 28. Qxf5+ Rf6 29. Qg5 bxc5 30. Qxc5+ Rfd6 31. g3 c6 1-0

[Event "XXIII Miedzynarodowy Festiwal Szachowy "]
[Site "Krakow, Hotel Galaxy  ul. Ges"]
[Date "2012.12.29"]
[Round "3.5"]
[White "Horoschavina, Oksana"]
[Black "Parol, Pawel"]
[Result "1-0"]
[WhiteElo "2063"]
[BlackElo "1984"]
[PlyCount "71"]
[EventDate "2012.??.??"]

1. e4 e6 2. d4 d5 3. Nc3 Nf6 4. Bg5 Be7 5. e5 Nfd7 6. h4 Bxg5 7. hxg5 Qxg5 8.
Nh3 Qh6 9. g3 a6 10. f4 g6 11. Qf3 Qf8 12. O-O-O c5 13. dxc5 Qxc5 14. Ng5 h6
15. Qd3 Qe7 16. Nxd5 Nc5 17. Qc3 exd5 18. e6 f6 19. Rxd5 b6 20. Nf7 O-O 21. f5
Bxe6 22. fxe6 Nxe6 23. Nxh6+ Kg7 24. Qd2 Ng5 25. Bc4 Re8 26. Ng4 Qe4 27. Qh2
Qxc4 28. Rxg5 Qg8 29. Qh6+ Kf7 30. Nxf6 Kxf6 31. Rf1+ Ke7 32. Rxg6 Qd5 33. Re1+
Kd7 34. Rg7+ Kd8 35. Rxe8+ Kxe8 36. Qh8+ 1-0

[Event "XXIII Miedzynarodowy Festiwal Szachowy "]
[Site "Krakow, Hotel Galaxy  ul. Ges"]
[Date "2012.12.29"]
[Round "3.6"]
[White "Popiol, Michal"]
[Black "Kalinina, Marianna"]
[Result "1-0"]
[WhiteElo "1859"]
[BlackElo "2051"]
[PlyCount "129"]
[EventDate "2012.??.??"]

1. a3 g6 2. g3 Bg7 3. Bg2 d6 4. d3 f5 5. Nc3 c6 6. f4 Qb6 7. Nf3 Nf6 8. e3 O-O
9. O-O e5 10. fxe5 Ng4 11. Na4 Qa5 12. c4 Nxe5 13. b4 Nxf3+ 14. Bxf3 Qe5 15.
Rb1 Nd7 16. b5 d5 17. Re1 Nf6 18. bxc6 bxc6 19. Bb2 Qd6 20. Bd4 Re8 21. cxd5
Nxd5 22. Bc5 Qc7 23. e4 Nf6 24. e5 Nd5 25. Qb3 Be6 26. Bd6 Qa5 27. Nc5 Rac8 28.
Qb7 Qd8 29. Nxe6 Rxe6 30. Bxd5 cxd5 31. Qxd5 Qe8 32. Rb7 Kh8 33. Rxa7 g5 34. d4
Rd8 35. Qb7 Rg6 36. Qf7 Qc6 37. Qxf5 Rdxd6 38. Rxg7 Kxg7 39. exd6 Qxd6 40. Qe5+
Qxe5 41. dxe5 Ra6 42. e6 Kf8 43. e7+ Ke8 44. Re3 Rf6 45. Re5 h6 46. a4 Rf3 47.
a5 Ra3 48. g4 Ra1+ 49. Kg2 Ra2+ 50. Kf3 Rxh2 51. Ke4 Rf2 52. Kd5 Rc2 53. Kd6
Rc4 54. Rc5 Rd4+ 55. Kc6 Rxg4 56. a6 Ra4 57. Kb6 Kxe7 58. a7 Rxa7 59. Kxa7 Kf6
60. Kb6 h5 61. Kb5 h4 62. Kc4 Kg6 63. Kd3 Kh5 64. Ke3 h3 65. Kf3 1-0

[Event "XXIII Miedzynarodowy Festiwal Szachowy "]
[Site "Krakow, Hotel Galaxy  ul. Ges"]
[Date "2012.12.29"]
[Round "3.7"]
[White "Iivonen, Markku"]
[Black "Suliborski, Jakub"]
[Result "1-0"]
[WhiteElo "2049"]
[BlackElo "1979"]
[PlyCount "53"]
[EventDate "2012.??.??"]

1. e4 e6 2. d4 d5 3. Nd2 Nc6 4. Ngf3 Nf6 5. e5 Nd7 6. Bb5 a6 7. Bxc6 bxc6 8.
O-O c5 9. c3 cxd4 10. cxd4 c5 11. Qa4 Be7 12. dxc5 Bxc5 13. Nb3 Be7 14. Qg4 Kf8
15. Be3 Bb7 16. Rac1 Rc8 17. Rxc8 Bxc8 18. Rc1 h6 19. Nbd4 Bb7 20. Nxe6+ fxe6
21. Nd4 Qa5 22. Nxe6+ Kf7 23. Qxg7+ Kxe6 24. Qg4+ Kf7 25. e6+ Ke8 26. exd7+ Kd8
27. Rc8+ 1-0

[Event "XXIII Miedzynarodowy Festiwal Szachowy "]
[Site "Krakow, Hotel Galaxy  ul. Ges"]
[Date "2012.12.29"]
[Round "3.8"]
[White "Francuzov, Alexander"]
[Black "Gluszko, Monika"]
[Result "1-0"]
[WhiteElo "2019"]
[BlackElo "1951"]
[PlyCount "95"]
[EventDate "2012.??.??"]

1. d4 Nf6 2. Bg5 Ne4 3. Bf4 d5 4. f3 Nf6 5. e3 g6 6. Bd3 Bg7 7. Ne2 O-O 8. c3
Nbd7 9. e4 dxe4 10. fxe4 e5 11. Bg5 exd4 12. cxd4 Qe8 13. Qc2 c5 14. dxc5 Qe5
15. Be3 Nd5 16. Bd4 Nb4 17. Qc3 Nxd3+ 18. Qxd3 Nxc5 19. Qb5 Qxe4 20. Nbc3 Nd3+
21. Kd2 Bh6+ 22. Kc2 Qc6 23. Rhf1 Qxb5 24. Nxb5 Nb4+ 25. Kb3 Nd5 26. Bxa7 Bd7
27. a4 Rfe8 28. Ned4 Re3+ 29. Kc4 Nf4 30. Kc5 Nd3+ 31. Kb6 Bc6 32. Nxc6 bxc6
33. Kb7 Ree8 34. Nc7 Rxa7+ 35. Kxa7 Re7 36. Kb6 Bf4 37. Rxf4 Nxf4 38. Kxc6 Re2
39. b4 Rc2+ 40. Kb7 Nd3 41. b5 Nc5+ 42. Kb8 Kf8 43. a5 Ke7 44. a6 Kd8 45. Rd1+
Nd7+ 46. Rxd7+ Kxd7 47. a7 Rxc7 48. a8=Q 1-0

[Event "XXIII Miedzynarodowy Festiwal Szachowy "]
[Site "Krakow, Hotel Galaxy  ul. Ges"]
[Date "2012.12.29"]
[Round "3.9"]
[White "Gora, Jan"]
[Black "Gumularz, Szymon"]
[Result "1-0"]
[WhiteElo "2000"]
[BlackElo "1762"]
[PlyCount "79"]
[EventDate "2012.??.??"]

1. e4 c5 2. a3 e6 3. b4 cxb4 4. axb4 Bxb4 5. Bb2 Nf6 6. e5 Nd5 7. c4 Ne7 8. Na3
a6 9. Nc2 Bc5 10. d4 Bb6 11. Bd3 O-O 12. Qh5 g6 13. Qh6 Kh8 14. Nf3 Ng8 15. Qh3
h6 16. O-O Nc6 17. d5 Nce7 18. d6 Nc6 19. Ne3 Bxe3 20. fxe3 Kg7 21. Rf2 h5 22.
Qg3 Nh6 23. Nh4 Ng4 24. Rf6 Qb6 25. Nxg6 Qxb2 26. Raf1 Ncxe5 27. Nxf8 Kxf8 28.
Qh4 Nxf6 29. Qxf6 Nf3+ 30. Qxf3 Qg7 31. Qxh5 a5 32. Qh4 f5 33. Bxf5 exf5 34.
Rxf5+ Kg8 35. Qd8+ Kh7 36. Rh5+ Kg6 37. Qe8+ Qf7 38. Rh6+ Kxh6 39. Qxf7 Kg5 40.
g3 1-0

[Event "XXIII Miedzynarodowy Festiwal Szachowy "]
[Site "Krakow, Hotel Galaxy  ul. Ges"]
[Date "2012.12.29"]
[Round "3.10"]
[White "Gregulski, Zbigniew"]
[Black "Sleczka, Bartosz"]
[Result "0-1"]
[WhiteElo "1841"]
[BlackElo "1920"]
[PlyCount "40"]
[EventDate "2012.??.??"]

1. d4 Nf6 2. Nf3 g6 3. g3 Bg7 4. Bg2 O-O 5. O-O d6 6. c4 Nc6 7. Nc3 a6 8. Re1
Na5 9. Qd3 c5 10. d5 Rb8 11. Rb1 b5 12. Nd2 Ng4 13. cxb5 axb5 14. b4 cxb4 15.
Rxb4 Qc7 16. Nxb5 Qc5 17. Rxg4 Bxg4 18. e4 Bd7 19. Ba3 Bxb5 20. Bxc5 Bxd3 0-1